Fantasy Authors by series/novels Quiz Stats

 Plays Quiz not verified by Sporcle

Challenge
Share
Tweet
Embed
Score 0/101 Timer 15:00
0 Plays Today
Series/Novels Author % Correct
The Lord of the RingsJ.R.R. Tolkien
92.8%
Harry PotterJ. K. Rowling
88%
The Chronicles of NarniaC.S. Lewis
86.5%
A Song of Ice and FireGeorge R.R. Martin
84.6%
The Hitchhiker's Guide to the Galaxy Douglas Adams
81.3%
DiscworldTerry Pratchett
77.9%
His Dark MaterialsPhilip Pullman
77.4%
The Wheel of Time (Original)Robert Jordan
75.5%
Alice in WonderlandLewis Carroll
73.6%
FrankensteinMary Shelley
73.6%
The Dark TowerStephen King
71.6%
Hunting of the Last DragonSherryl Jordan
69.7%
The Earthsea CycleUrsula K. LeGuin
67.3%
A Journey to the Center of the EarthJules Verne
67.3%
Ender's GameOrson Scott Card
66.8%
StardustNeil Gaiman
64.9%
The Wizard of OzL. Frank Baum
64.9%
Legends of ShannaraTerry Brooks
64.9%
MistbornBrandon Sanderson
64.4%
BelgariadDavid Eddings
62.5%
Inheritance TrilogyChristopher Paolini
59.6%
The Sword of TruthTerry Goodkind
59.1%
Dragonriders of PernTodd McCaffrey
57.2%
The Once and Future KingT.H. White
56.7%
The Farseer TrilogyRobin Hobb
56.3%
The Kingkiller ChroniclePatrick Rothfuss
55.8%
The Malazan Book of the FallenSteven Erikson
53.8%
The Dresden FilesJim Butcher
53.4%
Midkemian TrilogyRaymond E. Feist
52.4%
The Chronicles of Thomas Covenant the UnbelieverStephen Donaldson
52.4%
Artemis Fowl seriesEoin Colfer
52.4%
The First LawJoe Abercrombie
51.4%
Mists of AvalonMarion Zimmer Bradley
50.5%
Chronicles of AmberRoger Zelazny
50%
Series/Novels Author % Correct
Xanth NovelsPiers Anthony
50%
Conan the CimmerianRobert E. Howard
49%
Forgotten RealmsR.A. Salvatore
49%
DragonlanceMargaret Weis
47.6%
The Lies of Locke LamoraScott Lynch
46.6%
The Chronicles of PrydainLloyd Alexander
46.6%
ShadowmarchTad Williams
45.2%
Chronicles of the Black CompanyGlen Cook
44.7%
DragonlanceTracy Hickman
44.2%
The Fionavar TapestryGuy Gavriel Kay
44.2%
The Book of the New SunGene Wolfe
42.8%
The Keys to the KingdomGarth Nix
41.3%
Drenai NovelsDavid Gemmell
40.9%
Prince of NothingR. Scott Bakker
40.4%
Von BekMichael Moorcock
39.4%
Kushiel's DartJacqueline Carey
39.4%
Abarat QuartetClive Barker
38.9%
Black Magician TrilogyTrudi Canavan
38%
Night Angel TrilogyBrent Weeks
38%
Legend of Eli MonpressRachel Aaron
35.1%
The Dagger and the Coin QuintetDaniel Abraham
34.6%
The Malazan EmpireIan Cameron Esslemont
34.1%
The Bartimaeus trilogyJonathan Stroud
34.1%
The Steel RemainsRichard Morgan
33.7%
EverworldK.A. Applegate
33.2%
The Tears of ArtamonSarah Ash
32.7%
Shadows of the AptAdrian Tchaikovsky
32.7%
LankhmarFritz Leiber
32.2%
Riddle MasterPatricia A. McKillip
32.2%
Chronicles of the RavenJames Barclay
31.7%
Kingmaker, KingbreakerKaren Miller
31.3%
Weather WardenRachel Caine
31.3%
Lyonesse TrilogyJack Vance
30.8%
The Axis TrilogySara Douglass
30.8%
Series/Novels Author % Correct
SpellwrightBlake Charlton
30.3%
Saga of RecluceL.E. Modesitt
30.3%
The Wars of Light and ShadowJanny Wurts
30.3%
Mercy ThompsonPatricia Briggs
29.8%
The Twilight ReignTom Lloyd
29.3%
Vlad TaltosSteven Brust
28.8%
Demon TrilogyPeter V. Brett
27.9%
Deverry CycleKatharine Kerr
26.9%
The King of Elfland's DaughterLord Dunsany
26%
Spectra SeriesSheri S. Tepper
24.5%
The Fey SeriesKristine Kathryn Rusch
24%
Sword of ShadowsJ.V. Jones
22.6%
The Warlord TrilogyBernard Cornwell
21.6%
Paladin's LegacyElizabeth Moon
21.2%
Black Jewels TrilogyAnne Bishop
20.7%
The Iron ElvesChris Evans
17.3%
Someplace To Be FlyingCharles de Lint
16.3%
The Witches of EileananKate Forsyth
14.9%
Pendragon CycleStephen Lawhead
13.9%
Witch WorldAndre Norton
12%
The RunelordsDavid Farland
7.2%
The Reluctant King TrilogyL. Sprague de Camp
5.3%
The Pearl SagaEric Van Lustbader
3.4%
Tyrants and KingsJohn Marco
3.4%
DragondoomDennis L. McKiernan
2.9%
The War of PowersRobert Vardeman
2.4%
Figures of EarthJames Branch Cabell
2.4%
Age of FireE. E. Knight
1.9%
Legend of AsahielEldon Thompson
1.9%
The Iron DragonPaul Genesse
1.4%
My Blood ApprovesAmanda Hocking
1.4%
Swans' WarSean Russell
1%
The Illmoor ChroniclesDavid Lee Stone
0.5%

You're not logged in!

Compare scores with friends on all Sporcle quizzes.
Join for Free
OR
Log In

You Might Also Like...

Show Comments

Extras

Top Quizzes Today


Score Distribution

Your Account Isn't Verified!

In order to create a playlist on Sporcle, you need to verify the email address you used during registration. Go to your Sporcle Settings to finish the process.

Report this User

Report this user for behavior that violates our Community Guidelines.

Details: